00486nam a2200193Ia 4500003000900000008004100009040001300050040001300063041000800076100003200084245007000116250001000186260001300196260000900209300001100218300001000229490004500239490000800284IT-RoPAU120407s9999 xx 000 0 und d aIT-RoPAU cIT-RoPAU aita aSalvatore Alberto Panimolle aProsodia e metrica latina. Storia dei metri e della prosa metrica aRoma  aIouvence c1983 a160 p. c18 cm aGuida allo studio della civiltà romana v0,5